00340nam a2200121 a 4500008004100000050001400041100001700055245002100072246005600093260004100149300001900190350000900209120416s1969 ||||||||||||||||| || u aHA 29 Sen aSenter, R. J10aAnalysis of data aintroductory statistics for the behavioral sciences aGlenview, IllbScott, Foresmanc1969 ax, 512p. : ill a0.00